000 00485nam a2200181Ia 4500
008 200601s9999 xx 000 0 und d
020 _a0-471-31350-5
050 _aREF TX 911.3
050 _b.P4S87 2003
245 0 _aSupervision in the hospitality industry /
250 _a4th Edition
260 _aNew Jersey :
260 _bJohn Wiley & Sons, Inc.
260 _c2003
300 _a92 pages :
300 _c24 cm.
650 _aHospitality industry -- Personnel management.
999 _c363424
_d363424